Organizational behavior : human behavior at work (Record no. 7208)

000 -LEADER
fixed length control field 00538 a2200157 4500
040 ## - CATALOGING SOURCE
Original cataloging agency DLC
Language of cataloging DLC
082 ## - DEWEY DECIMAL CLASSIFICATION NUMBER
Classification number 302.35
100 ## - MAIN ENTRY--PERSONAL NAME
Personal name Newstrom, John W.
245 ## - TITLE STATEMENT
Title Organizational behavior : human behavior at work
Statement of responsibility, etc. human behavior at work
Medium John W, Newstrom.
250 ## - EDITION STATEMENT
Edition statement 12th ed.
260 ## - PUBLICATION, DISTRIBUTION, ETC.
Place of publication, distribution, etc. New Delhi :
Name of publisher, distributor, etc. Tata McGraw-Hill,
Date of publication, distribution, etc. c2007.
300 ## - PHYSICAL DESCRIPTION
Extent xx, 527 p. :.
Other physical details ill. ;
Dimensions 26 cm
500 ## - GENERAL NOTE
General note Includes bibliographical references and index
650 ## - SUBJECT ADDED ENTRY--TOPICAL TERM
Topical term or geographic name entry element 1.Organizational behavior. 2.Industrial sociology.
942 ## - ADDED ENTRY ELEMENTS (KOHA)
Koha item type Book
Call number prefix 302.35 NEW
Source of classification or shelving scheme
Holdings
Withdrawn status Lost status Damaged status Not for loan Collection code Permanent Location Current Location Shelving location Date acquired Source of acquisition Cost, normal purchase price Total Checkouts Full call number Barcode Date last seen Price effective from Koha item type
          Central Library (CL) Central Library (CL) General Stacks 12/13/2006 Donation 0.00   302.35 NEW SEECS007851 11/14/2012 01/05/2017 Book
          Central Library (CL) Central Library (CL) General Stacks 12/13/2006 Donation 0.00   302.35 NEW SEECS007852 11/14/2012 01/05/2017 Book
© 2023 Central Library, National University of Sciences and Technology. All Rights Reserved.